Normal view
MARC view
- Lucke, Margaret
Entry Personal Name
001 - CONTROL NUMBER
- control field: 55048
003 - CONTROL NUMBER IDENTIFIER
- control field: OSt
005 - DATE AND TIME OF LATEST TRANSACTION
- control field: 20240320113128.0
008 - FIXED-LENGTH DATA ELEMENTS
- fixed length control field: 240320|| aca||aabn | a|a d
040 ## - CATALOGING SOURCE
- Original cataloging agency: OSt
- Transcribing agency: OSt
100 ## - HEADING--PERSONAL NAME
- Personal name: Lucke, Margaret
670 ## - SOURCE DATA FOUND
- Source citation: Work cat.: (OSt): Lucke, Margaret, Schaum's quick guide to writing great short stories /, ©1999.
